| 000 | 01311nam2a22002291 4500 | ||
|---|---|---|---|
| 001 | rc\322447 | ||
| 005 | 20250621232334.0 | ||
| 035 | _a(NLR Aleph) 005975436 | ||
| 090 |
_a6973489 _c6973489 |
||
| 100 | _a20070321d1989 |||y0rusy50 ca | ||
| 101 | 0 | _arus | |
| 102 | _aRU | ||
| 105 | _ay ||||||||| | ||
| 200 | 0 |
_a... за 1988 г. _f[Сост. Н.М. Шибут] |
|
| 210 |
_d1989 _aБ. м. |
||
| 215 | _a26 с. | ||
| 461 | 0 |
_1001rc\1188639 _12001#$aУказатель библиографических пособий по важнейшим республиканским целевым комплексным народнохозяйственным программам...$fБелорус. НИИ НТИ и техн.-экон. исслед., Респ. науч.-техн. б-ка$v... за 1988 г. _96957364 _cМинск _d1986 _fБелорус. НИИ НТИ и техн.-экон. исслед., Респ. науч.-техн. б-ка _nБ. и. _tУказатель библиографических пособий по важнейшим республиканским целевым комплексным народнохозяйственным программам... _v... за 1988 г. |
|
| 801 | 0 |
_aRU _bNLR _gpsbo |
|
| 801 | 1 |
_aRU _bELAR _2rusmarc |
|
| 852 |
_aNLR _bС _jК-1/3382 |
||
| 942 | _cBOOK | ||
| 980 | _aNB | ||